| 000 | 00397nam a2200145Ia 4500 | ||
|---|---|---|---|
| 008 | 210716s1994 xx 000 0 und d | ||
| 041 | _aeng | ||
| 082 | _a321.4 DALM | ||
| 100 | _aDaly, Markate. | ||
| 245 |
_aCommunitarianism: a new public ethics. _bNew public ethics. |
||
| 250 | _a1 | ||
| 260 |
_aBelmont _bWadsworth publishing company _c1994 |
||
| 300 | _axxvi,353 | ||
| 700 | _aDaly, Markate. | ||
| 999 |
_c198545 _d198545 |
||